000 00337nam a22001457a 4500
008 210310b ||||| |||| 00| 0 eng d
020 _a9780072297492
041 _aeng
080 _29th
_a004
082 _29th
_a004
100 _a35
101 _aSHKI
245 _aIntroduction to Information Systems
_cO'brien,A.J
942 _2udc
_cBK
999 _c56188
_d56188